Strategies for the new health care marketplace : (Record no. 21871)

MARC details
000 -LEADER
fixed length control field 01933cam a22004574a 4500
001 - CONTROL NUMBER
control field 12221298
003 - CONTROL NUMBER IDENTIFIER
control field MUT
005 - DATE AND TIME OF LATEST TRANSACTION
control field 20240606081546.0
008 - FIXED-LENGTH DATA ELEMENTS--GENERAL INFORMATION
fixed length control field 001101s2001 cauab b 001 0 eng
010 ## - LIBRARY OF CONGRESS CONTROL NUMBER
LC control number 00012247
020 ## - INTERNATIONAL STANDARD BOOK NUMBER
International Standard Book Number 0787955930 (alk. paper)
035 ## - SYSTEM CONTROL NUMBER
System control number (DNLM)100969763
040 ## - CATALOGING SOURCE
Original cataloging agency DNLM/DLC
Transcribing agency MUT
Modifying agency DLC
042 ## - AUTHENTICATION CODE
Authentication code pcc
050 00 - LIBRARY OF CONGRESS CALL NUMBER
Classification number RA 427
Item number .C56 2001
060 10 - NATIONAL LIBRARY OF MEDICINE CALL NUMBER
Classification number W 84 AA1
Item number C613s 2001
082 00 - DEWEY DECIMAL CLASSIFICATION NUMBER
Classification number 362.1
Edition information 21
100 1# - MAIN ENTRY--PERSONAL NAME
Personal name Coddington, Dean C.
245 10 - TITLE STATEMENT
Title Strategies for the new health care marketplace :
Remainder of title managing the convergence of consumerism and technology /
260 ## - PUBLICATION, DISTRIBUTION, ETC.
Place of publication, distribution, etc. San Francisco :
Name of publisher, distributor, etc. Jossey-Bass,
Date of publication, distribution, etc. c2001.
300 ## - PHYSICAL DESCRIPTION
Extent xxviii, 418 p. :
Other physical details ill., map ;
Dimensions 23 cm.
440 #4 - SERIES STATEMENT/ADDED ENTRY--TITLE
Title The Jossey-Bass health series
504 ## - BIBLIOGRAPHY, ETC. NOTE
Bibliography, etc. note Includes bibliographical references (391-398) and index.
650 #0 - SUBJECT ADDED ENTRY--TOPICAL TERM
Topical term or geographic name entry element Medical care
General subdivision Forecasting.
650 #0 - SUBJECT ADDED ENTRY--TOPICAL TERM
Topical term or geographic name entry element Medical innovations.
650 #0 - SUBJECT ADDED ENTRY--TOPICAL TERM
Topical term or geographic name entry element Consumers.
650 #0 - SUBJECT ADDED ENTRY--TOPICAL TERM
Topical term or geographic name entry element Medical economics.
650 #0 - SUBJECT ADDED ENTRY--TOPICAL TERM
Topical term or geographic name entry element Medical technology.
650 12 - SUBJECT ADDED ENTRY--TOPICAL TERM
Topical term or geographic name entry element Delivery of Health Care
General subdivision organization & administration
Geographic subdivision United States.
650 22 - SUBJECT ADDED ENTRY--TOPICAL TERM
Topical term or geographic name entry element Consumer Satisfaction
Geographic subdivision United States.
650 22 - SUBJECT ADDED ENTRY--TOPICAL TERM
Topical term or geographic name entry element Marketing of Health Services
General subdivision methods
Geographic subdivision United States.
650 22 - SUBJECT ADDED ENTRY--TOPICAL TERM
Topical term or geographic name entry element Technology
Geographic subdivision United States.
700 1# - ADDED ENTRY--PERSONAL NAME
Personal name Fischer, Elizabeth A.
700 1# - ADDED ENTRY--PERSONAL NAME
Personal name Moore, Keith D.
856 42 - ELECTRONIC LOCATION AND ACCESS
Materials specified Contributor biographical information
Uniform Resource Identifier <a href="http://www.loc.gov/catdir/bios/wiley043/00012247.html">http://www.loc.gov/catdir/bios/wiley043/00012247.html</a>
856 42 - ELECTRONIC LOCATION AND ACCESS
Materials specified Publisher description
Uniform Resource Identifier <a href="http://www.loc.gov/catdir/description/wiley035/00012247.html">http://www.loc.gov/catdir/description/wiley035/00012247.html</a>
856 4# - ELECTRONIC LOCATION AND ACCESS
Materials specified Table of Contents
Uniform Resource Identifier <a href="http://www.loc.gov/catdir/toc/onix06/00012247.html">http://www.loc.gov/catdir/toc/onix06/00012247.html</a>
906 ## - LOCAL DATA ELEMENT F, LDF (RLIN)
a 7
b cbc
c orignew
d 1
e ecip
f 20
g y-gencatlg
942 ## - ADDED ENTRY ELEMENTS (KOHA)
Source of classification or shelving scheme Library of Congress Classification
Koha item type Books
Holdings
Withdrawn status Lost status Source of classification or shelving scheme Damaged status Not for loan Home library Current library Shelving location Date acquired Source of acquisition Total checkouts Full call number Barcode Date last seen Price effective from Koha item type
    Library of Congress Classification     Murang'a University of Technology Library Murang'a University of Technology Library General stacks 08/06/2022 Donation- TFC   RA 427 .C56 2001 030409 30/08/2024 08/06/2022 Books